Normal view MARC view
  • PAINT-ANALYSIS .ANALYSIS OF PAINTS AND RELATED MATERIALS

Entry Topical Term

Number of records used in: 1

001 - CONTROL NUMBER

  • control field: 75289

003 - CONTROL NUMBER IDENTIFIER

  • control field: NUST

005 - DATE AND TIME OF LATEST TRANSACTION

  • control field: 20210628205403.0

008 - FIXED-LENGTH DATA ELEMENTS

  • fixed length control field: 210628|| aca||aabn | a|a d

040 ## - CATALOGING SOURCE

  • Original cataloging agency: NUST
  • Transcribing agency: NUST

150 ## - HEADING--TOPICAL TERM

  • Topical term or geographic name entry element: PAINT-ANALYSIS .ANALYSIS OF PAINTS AND RELATED MATERIALS

670 ## - SOURCE DATA FOUND

  • Source citation: Work cat.: (NUST): Golton, William C 75288, Analysis of paints and related materials,current techniques for solving coatings problems, 2000
© 2023 Central Library, National University of Sciences and Technology. All Rights Reserved.